000 00422nam a22001697a 4500
005 20180518105637.0
008 160521b xxu||||| |||| 00| 0 eng d
020 _a978-81-7758-584-1
041 _aeng
082 _b3911
_a519.5
100 _aLevin R. I. & Rubin D. S.
_9984
245 _aStatistics for Management
260 _aDelhi
_bPearson Education,
300 _a1026
650 _aManagement
_9241
942 _cBK
999 _c1340
_d1340